[Event "Challenge"]
[Site "http://www.queenalice.com/game.php?id=115861"]
[Date "2006.10.11"]
[Round "-"]
[White "TomBishop"]
[Black "alilrr"]
[Result "1-0"]
[WhiteElo "1147"]
[BlackElo "1500"]

1. e4 e5 2. Nf3 Nf6 3. d4 d6 4. Be3 Nc6 5. dxe5 Nxe5 6. Nc3 a6 7. Bd3 Bg4 8. O-O
Qd7 9. h3 Bxf3 10. gxf3 Nxf3+ 11. Qxf3 O-O-O 12. Rad1 c6 13. a4 Qe6 14. b4 c5
15. b5 c4 16. Be2 Qe5 17. Nd5 Qb2 18. Nxf6 gxf6 19. Bxc4 Qxc2 20. Rc1 Qxa4 21.
bxa6 bxa6 22. Bb5+ Kb7 23. Qxf6 Rg8+ 24. Kh2 Bg7 25. Qxd8 Be5+ 26. f4 Qa2+ 27.
Rf2 Bxf4+ 28. Kh1 Qxf2 29. Bxf2 Rxd8 30. Bc6+ Kc7 31. Rc2 Rc8 32. Ba4+ Kd8 33.
Bb6+ Ke7 34. Rxc8 d5 35. Rc6 dxe4 36. Rc3 f5 37. Bb3 Bd2 38. Rc7+ Kf6 39. Rxh7
f4 40. Rh4 e3 41. Rxf4+ Ke5 42. Bc7# 1-0

[Event "AUTO-OPEN-416"]
[Site "http://www.queenalice.com/game.php?id=116001"]
[Date "2006.10.12"]
[Round "1"]
[White "vila1"]
[Black "alilrr"]
[Result "1-0"]
[WhiteElo "2028"]
[BlackElo "1488"]

1. c4 e5 2. g3 Bc5 3. Bg2 d6 4. Nc3 c6 5. e3 Bf5 6. Nge2 d5 7. cxd5 Nf6 8. dxc6
Nxc6 9. Bxc6+ bxc6 10. d4 Bb4 11. a3 exd4 12. Nxd4 Be4 13. f3 Bxc3+ 14. bxc3
Bxf3 15. Qxf3 c5 16. Nb5 O-O 17. O-O a6 18. Rd1 Qa5 19. Nd6 Rfd8 20. Nb7 Qxc3
21. Bd2 Qb3 22. Nxc5 Qc4 23. Rac1 Qd5 24. Qxd5 Rxd5 25. e4 Re5 26. Bf4 Ree8 27.
e5 Ng4 28. h3 Nxe5 29. Bxe5 Rxe5 30. Nb7 h6 31. Rd8+ Rxd8 32. Nxd8 Re3 33. Kg2
Rxa3 34. h4 g6 35. Rf1 Rd3 36. Nxf7 Kg7 37. Ne5 Rd2+ 38. Kh3 g5 39. hxg5 hxg5
40. Rf7+ Kh6 41. Ng4+ Kg6 42. Rf6+ Kg7 43. Rxa6 Rd7 44. Nh6 Rd4 45. Nf5+ Kf7 46.
Nxd4 Kg7 47. Kg4 Kf7 48. Kxg5 Ke7 49. Kh6 Kf7 50. Nf5 Ke8 51. Ra7 Kf8 52. Kg6
Ke8 53. Kf6 Kd8 54. Ke6 Kc8 55. Kd6 Kb8 56. Rh7 Kc8 57. Kc6 1-0

[Event "AUTO-OPEN-416"]
[Site "http://www.queenalice.com/game.php?id=116002"]
[Date "2006.10.12"]
[Round "1"]
[White "alilrr"]
[Black "vila1"]
[Result "0-1"]
[WhiteElo "1249"]
[BlackElo "1931"]

1. e4 c5 2. d4 cxd4 3. Qxd4 Nc6 4. Qc4 Nf6 5. Be2 a6 6. Bg5 e6 7. Nf3 h6 8. e5
hxg5 9. exf6 Qxf6 10. O-O Qxb2 11. Qc3 Qxc3 12. Nxc3 Bd6 13. Nxg5 Bxh2+ 14. Kh1
Be5+ 15. Nh3 Bxc3 16. Rad1 b5 17. f3 Bb7 18. Kg1 O-O-O 19. Rd3 Bd4+ 20. Nf2 e5
21. c3 Bc5 22. Rfd1 d6 23. g3 b4 24. cxb4 Nxb4 25. R3d2 f5 26. Rb2 Nd5 27. Rdb1
Nc3 28. Rxb7 Nxb1 29. Rxb1 Bxf2+ 30. Kxf2 Rh2+ 31. Kf1 Rh1+ 32. Kf2 Rxb1 33.
Bxa6+ Kc7 34. Bd3 Rb2+ 35. Ke3 Rxa2 36. Bxf5 Rf8 37. Ke4 Ra4+ 0-1

[Event "AUTO-OPEN-416"]
[Site "http://www.queenalice.com/game.php?id=116031"]
[Date "2006.10.12"]
[Round "1"]
[White "alilrr"]
[Black "ENDHER"]
[Result "0-1"]
[WhiteElo "1249"]
[BlackElo "2149"]

1. e4 e5 2. Nc3 Nf6 3. Bb5 c6 4. Bc4 d5 5. exd5 Bc5 6. Nf3 Bg4 7. d3 O-O 8. O-O
cxd5 9. d4 exd4 10. Nxd4 Bxd1 11. Rxd1 dxc4 12. Ne6 Bxf2+ 13. Kxf2 Qb6+ 14. Nd4
Nc6 15. Be3 Ng4+ 16. Kf3 Nxe3 17. Kxe3 Rfe8+ 18. Kf2 Nxd4 19. Na4 Re2+ 20. Kf1
Qf6+ 21. Kg1 Qf2+ 22. Kh1 Qxg2# 0-1

[Event "AUTO-OPEN-416"]
[Site "http://www.queenalice.com/game.php?id=116033"]
[Date "2006.10.12"]
[Round "1"]
[White "alilrr"]
[Black "dgrecu"]
[Result "1-0"]
[WhiteElo "1249"]
[BlackElo "1596"]

1. e4 e5 2. Nf3 Nc6 3. d4 exd4 4. Nxd4 Nxd4 5. Qxd4 Nf6 6. Bc4 c5 7. Qe5+ Be7 8.
Bg5 d6 9. Qf4 Nh5 10. Qxf7+ Kd7 11. Qxh5 g6 12. Qg4+ Kc7 13. Qg3 Bxg5 14. O-O
Bh4 15. Qf3 Rf8 16. Qe2 Qg5 17. Re1 Bxf2+ 18. Qxf2 Rxf2 19. Kxf2 Qd2+ 20. Nxd2
a5 21. e5 Bf5 22. Ne4 Rf8 23. Kg1 Kc6 24. Rad1 dxe5 25. Rd5 Bxe4 26. Rxe4 Rf5
27. Rexe5 b6 28. Re6+ 1-0

[Event "AUTO-OPEN-416"]
[Site "http://www.queenalice.com/game.php?id=116034"]
[Date "2006.10.12"]
[Round "1"]
[White "dgrecu"]
[Black "alilrr"]
[Result "1-0"]
[WhiteElo "1615"]
[BlackElo "1507"]

1. e4 e5 2. Nf3 Nf6 3. Nc3 Nc6 4. Bc4 Bc5 5. Ng5 O-O 6. h3 d6 7. d3 Nd7 8. O-O
h6 9. Nxf7 Rxf7 10. Bxf7+ Kxf7 11. Qh5+ Kg8 12. Qg6 Nf8 13. Qg3 Nd4 14. Bxh6 Qe7
15. Nd5 Qf7 16. f4 Qg6 17. Ne7+ Kh7 18. Qxg6+ Nxg6 19. Bg5 Nxc2+ 20. Kh1 Nxa1
21. Rxa1 Be6 22. Nxg6 Kxg6 23. h4 Rf8 24. f5+ Bxf5 25. exf5+ Kxf5 26. Rf1+ Ke6
27. Rxf8 b5 28. Re8+ Kd5 29. Re7 Bd4 30. Rxg7 e4 31. Rxc7 a5 32. b3 a4 33. dxe4+
Kxe4 34. bxa4 bxa4 35. Rc4 a3 36. h5 d5 37. Ra4 Kf5 38. Be7 Bb2 39. Bxa3 Be5 40.
g4+ Kg5 41. Bc1+ Kf6 42. Kg2 d4 43. Bb2 d3 44. Bxe5+ Kxe5 45. Kf2 1-0

[Event "AUTO-INT-237"]
[Site "http://www.queenalice.com/game.php?id=126570"]
[Date "2006.11.7"]
[Round "1"]
[White "paulchess10"]
[Black "alilrr"]
[Result "1-0"]
[WhiteElo "1727"]
[BlackElo "1472"]

1. e4 e5 2. Nf3 Nc6 3. Bc4 Qf6 4. d3 Bc5 5. Bg5 Qd6 6. Nc3 Nd4 7. O-O b5 8. Nxb5
Nxb5 9. Bxb5 Rb8 10. Bc4 Rxb2 11. Bc1 Rb8 12. Ng5 Qd4 13. Bxf7+ Kf8 14. Be3 Qd6
15. Qf3 Ke7 16. Bxg8 Qf6 17. Bxc5+ d6 18. Bxa7 Ra8 19. Be3 Rxg8 20. Nxh7 Qh4 21.
Bg5+ Qxg5 22. Nxg5 Ba6 23. Qf7+ Kd8 24. Ne6+ Kc8 25. Qxc7# 1-0

[Event "AUTO-INT-237"]
[Site "http://www.queenalice.com/game.php?id=126571"]
[Date "2006.11.7"]
[Round "1"]
[White "alilrr"]
[Black "paulchess10"]
[Result "0-1"]
[WhiteElo "1497"]
[BlackElo "1760"]

1. e4 c5 2. Nf3 Nc6 3. Bc4 e6 4. d3 d5 5. Bb3 dxe4 6. dxe4 Qxd1+ 7. Kxd1 Nf6 8.
Nc3 Be7 9. Nb5 O-O 10. Bf4 Nxe4 11. Ke2 b6 12. Rhd1 Ba6 13. Ba4 Bxb5+ 14. Bxb5
Rac8 15. Rd7 Bf6 16. Rxa7 Nxa7 17. Ba6 Bxb2 18. Re1 Rcd8 19. Bd3 Nc3+ 20. Kf1
Nxa2 21. Bc7 Rd7 22. Be5 Bxe5 23. Nxe5 Rd6 24. Ra1 Nb4 25. Rxa7 Nxd3 26. cxd3 f6
27. Rd7 Rxd7 28. Nxd7 Rd8 29. Nxb6 Rxd3 30. Ke2 Rd4 31. g3 Rb4 32. Nd7 c4 33.
Nc5 Rb2+ 34. Ke3 c3 35. Kd3 Rxf2 36. Kxc3 Rxh2 0-1

[Event "AUTO-INT-237"]
[Site "http://www.queenalice.com/game.php?id=126588"]
[Date "2006.11.7"]
[Round "1"]
[White "alilrr"]
[Black "Trefor"]
[Result "0-1"]
[WhiteElo "1374"]
[BlackElo "1959"]

1. e4 Nf6 2. Nc3 d5 3. d3 d4 4. e5 dxc3 5. exf6 cxb2 6. Bxb2 exf6 7. Nf3 Bd6 8.
d4 Bg4 9. Bc4 Qe7+ 10. Qe2 Bxf3 11. gxf3 Qxe2+ 12. Bxe2 Nd7 13. O-O O-O-O 14.
Bc4 Rhf8 15. Bc1 f5 16. f4 Nb6 17. Be2 Nd5 18. Bd2 Bxf4 19. Rfd1 Bxd2 20. Rxd2
Nf4 21. Bd3 Rxd4 22. Bxf5+ Kb8 23. Rxd4 Ne2+ 24. Kf1 Nxd4 25. Bxh7 g6 26. Rd1
Ne6 27. Rd7 Kc8 28. Rd3 Rh8 29. Rh3 Ng5 30. Ra3 Rxh7 31. Rxa7 Rxh2 32. Ra8+ Kd7
33. Rb8 b6 34. f4 Ne6 35. a4 Nxf4 36. c4 Nd3 37. Ra8 Ra2 38. Kg1 Nb2 39. Rh8
Rxa4 40. Rh2 Nxc4 41. Rh4 b5 42. Rd4+ Nd6 43. Rxa4 bxa4 44. Kg2 a3 45. Kf3 a2
0-1

[Event "AUTO-INT-237"]
[Site "http://www.queenalice.com/game.php?id=126589"]
[Date "2006.11.7"]
[Round "1"]
[White "Trefor"]
[Black "alilrr"]
[Result "1-0"]
[WhiteElo "1959"]
[BlackElo "1374"]

1. e4 e5 2. f4 d6 3. Nf3 Nc6 4. Bc4 Be6 5. Bxe6 fxe6 6. fxe5 dxe5 7. O-O Bc5+ 8.
Kh1 Nf6 9. d3 Ng4 10. Bg5 Qd7 11. Nh4 Nf2+ 12. Rxf2 Bxf2 13. Qh5+ Qf7 14. Qxf7+
Kxf7 15. Nf3 Nd4 16. Nbd2 Nxf3 17. Nxf3 Bd4 18. c3 h6 19. Bh4 g5 20. Bg3 Be3 21.
Bxe5 Rhd8 22. Bxc7 Rd7 23. Ne5+ Ke7 24. Nxd7 Kxd7 25. Be5 b5 26. Rf1 Ke7 27. Rf3
Rf8 28. Bd6+ Kxd6 29. Rxf8 a5 30. g4 Kc5 31. Rc8+ Kd6 32. d4 Bc1 33. b3 Bb2 34.
Kg2 b4 35. cxb4 axb4 36. Rd8+ Ke7 37. Rb8 Bc3 38. Kf3 Kf6 39. Ke3 e5 40. d5 Bd4+
41. Kd3 Ba7 42. Rxb4 Bc5 43. Rc4 Bg1 44. Rc6+ Kg7 45. d6 1-0

[Event "Challenge"]
[Site "http://www.queenalice.com/game.php?id=131017"]
[Date "2006.11.18"]
[Round "-"]
[White "alilrr"]
[Black "loinburger"]
[Result "0-1"]
[WhiteElo "1482"]
[BlackElo "1749"]

1. e4 e5 2. Bc4 Nf6 3. Nc3 Nc6 4. Nf3 Bc5 5. O-O O-O 6. d3 h6 7. Be3 Nd4 8. Nxe5
d6 9. Nf3 Bg4 10. Qd2 Bxf3 11. gxf3 Nxf3+ 12. Kg2 Nxd2 13. Bxd2 a5 14. Rfe1 c6
15. e5 dxe5 16. Rxe5 Bd4 17. Rf5 b5 18. Bxb5 cxb5 19. Nxb5 Bxb2 20. Rb1 Qd7 21.
Rc5 Bd4 22. Rc7 Qg4+ 23. Kf1 Rab8 24. Rb3 Rfe8 25. Bxa5 Qe2+ 26. Kg2 Qxf2+ 27.
Kh3 Re3# 0-1

[Event "AUTO-OPEN-509"]
[Site "http://www.queenalice.com/game.php?id=151099"]
[Date "2007.1.7"]
[Round "1"]
[White "MadScot"]
[Black "alilrr"]
[Result "1-0"]
[WhiteElo "1798"]
[BlackElo "1515"]

1. e4 e5 2. Nf3 Qf6 3. Bc4 Bc5 4. Nc3 Nh6 5. Nd5 Qc6 6. Nxe5 Qd6 7. d4 O-O 8.
Bxh6 Bb4+ 9. c3 c6 10. Nxb4 Qxh6 11. Qf3 d5 12. exd5 cxd5 13. Bxd5 Be6 14. Bxb7
Nd7 15. Bxa8 Nxe5 16. dxe5 Qg6 17. Nc6 Qg4 18. Qxg4 Bxg4 19. Ne7+ Kh8 20. Bd5
Re8 21. Nc6 f6 22. O-O fxe5 23. Rfe1 Rd8 24. Nxd8 g6 25. Rxe5 h5 26. Rae1 Kh7
27. Re7+ Kh6 28. Nf7+ Kg7 29. Ne5+ 1-0

[Event "AUTO-OPEN-509"]
[Site "http://www.queenalice.com/game.php?id=151100"]
[Date "2007.1.7"]
[Round "1"]
[White "alilrr"]
[Black "MadScot"]
[Result "0-1"]
[WhiteElo "1510"]
[BlackElo "1803"]

1. e4 c5 2. Bc4 d6 3. Nf3 Nc6 4. d3 Bg4 5. h3 Bh5 6. O-O e6 7. Qe1 Bxf3 8. gxf3
Nd4 9. Qc3 Ne2+ 10. Kh1 Nxc3 11. Nxc3 Nf6 12. Bg5 Be7 13. Bb5+ Nd7 14. Bxe7 Qxe7
15. Bxd7+ Qxd7 16. Rad1 O-O 17. d4 cxd4 18. Rxd4 e5 19. Rd5 Rfd8 20. Rfd1 Qxh3+
21. Kg1 Qh6 22. Nb5 a6 23. Rxd6 Qg5+ 24. Kf1 Rxd6 25. Nxd6 Rd8 0-1